01661 a2200193 4500001000500000005001700005008004100022003001500063040004000078080014000118245008900258020001800347250001200365264009600377300001900473505081000492100003501302856013001337375220260407155430.0260407a2005 arg spa dAR-UNSa-BCEJYS aAR-UNSa-BCEJYSbspacAR-UNSa-BCEJYS a338.2(8)xPolítica económica. Control de la economía. gestión de la economía. planificación económica en América Latina10aMacroeconomía, comercio y finanzasppara reformar las reformas en América Latina a958-97647-0-3 a2a. ed. 1aSantiago de Chile :bCEPAL (Comisión Económica para América Latina y el Caribe)c2005 a224 p.c23 cm. a1. Introducción - 2. Formación de capital y entorno macroeconómico: bases para un enfoque neoestructuralista - 3. La liberalización comercial y el crecimiento: experiencias recientes en América Latina - 4. La gran crisis de la deuda Latinoamericana: un decenio de ajuste asimétrico - 5. Flujos de capitales y el desarrollo en los años noventa: implicaciones para políticas económicas - 6. Políticas macroeconómicas para el crecimiento - 7. Logros macroeconómicos en la transición democrática en Chile - 8. El comercio intralatinoamericano en los años noventa y su base analítica - 9. El regreso de los capitales privados a América Latina: una recomendación de cautela, en 1992, a los países "exitosos" - 10. El "efecto tequila", sus orígenes y su alcance contagioso1 aFfrench-Davis Muños, Ricardo41uhttps://biblioeco.unsa.edu.ar/pmb/images/libros/Macroeconom?a, comercio y finanzas-l116198.jpgyImagen de portadaqimage/jpeg